000 00534nam a2200193Ia 4500
003 GCL
008 140319s9999 xx 000 0 ara d
040 _aGCL /
_cGCL
082 0 4 _a210.8
_bم ا
100 1 _aمحمد هلال
245 1 0 _aالاسلام فى تاريخ شعوب الشرق /
_cمحمد هلال
700 1 _aعلى مهدى
260 _a[S.N] :
_bدار الفارابى ،
_c1986
300 _a191
490 _a
650 0 4 _aالاسلام
650 0 4 _aمقالات ومحاضرات
942 _2ddc
_cBK
999 _c54140
_d54140